000
00313nam a2200121Ia 4500
008
220217s9999||||xx |||||||||||||| ||und||
082
_a
00 5.73 KOT
100
_a
Kotur, P B
245
0
_a
Data structures with C
260
_a
Shiva book centre
_b
Bangalore
_c
2002
300
_b
160
650
_a
DATA STRUCTURES
999
_c
169945
_d
169945